000 00599nam a2200229Ia 4500
003 OSt
005 20220926044758.0
006 a|||||r|||| 00| 0
007 ta
008 220923b |||||||| |||| 00| 0 eng d
037 _cGeneral Book
040 _aRTL
_cRTL
_beng
041 _2eng
_aeng
082 _aU8.2.G, J3
100 _aHusain Mahdi
_9349427
245 0 _aRehla of Ibn Battuta (India ,Maldive Islands and C
260 _c1953
490 _aGaekwad's Oriental series
650 _aTravel
942 _hU8.2.G, J3
_cGB
_2CC
999 _c675837
_d675837